000 00402 a2200109 4500
001 ART_27082
005 20260410161821.0
008 260409a
245 1 0 _aAlgunos comentarios respecto de la aplicación de la ley penal tributaria sobre los tributos locales
100 1 _aSemachowicz, Esteban D.
773 0 _tDoctrina Penal Tributaria y Económica
_g- Nº 34 (nov. 2014)
_wREV4317
999 _c22332
_d22332